[Event "Molde Spring"]
[Site "Molde"]
[Date "2010.03.09"]
[Round "5"]
[White "Sandum, Kjell Tore"]
[Black "Satervik, Erling"]
[Result "1-0"]
[WhiteElo "1917"]
[BlackElo "1154"]
[PlyCount "47"]
[EventDate "2010.02.02"]
[EventType "tourn"]
[EventRounds "11"]
[EventCountry "NOR"]
[SourceTitle "EXT 2024"]
[Source "ChessBase"]
[SourceDate "2023.10.10"]
[SourceVersion "1"]
[SourceVersionDate "2023.10.10"]
[SourceQuality "1"]

1. Nf3 Nf6 2. d4 d5 3. c4 e6 4. Nc3 c6 5. e3 g6 6. Bd3 dxc4 7. Bxc4 b5 8. Bd3 Nbd7 9. e4 Bg7 10. e5 Nd5 11. Nxd5 exd5 12. 0-0 0-0 13. Bg5 f6 14. exf6 Bxf6 15. Bxf6 Qxf6 16. Qc2 Bb7 17. Rae1 Rae8 18. Re2 Rxe2 19. Qxe2 Qd8 20. Qe6+ Kh8 21. Re1 Nf6 22. Ng5 Qe8 23. Qxf6+ Rxf6 24. Rxe8+ 1-0

[Event "Molde CC-ch"]
[Site "Molde"]
[Date "2009.09.29"]
[Round "2"]
[White "Bryn, Thomas"]
[Black "Satervik, Erling"]
[Result "1-0"]
[WhiteElo "1952"]
[BlackElo "1148"]
[PlyCount "63"]
[EventDate "2009.09.15"]
[EventType "swiss"]
[EventRounds "6"]
[EventCountry "NOR"]
[SourceTitle "EXT 2024"]
[Source "ChessBase"]
[SourceDate "2023.10.10"]
[SourceVersion "1"]
[SourceVersionDate "2023.10.10"]
[SourceQuality "1"]

1. d4 Nf6 2. Nf3 d5 3. c4 e6 4. e3 Nc6 5. Bd3 dxc4 6. Bxc4 a6 7. 0-0 b5 8. Be2 Bd6 9. e4 Nxe4 10. Qc2 Nxd4 11. Nxd4 Bb7 12. Be3 c5 13. Nf3 Rc8 14. a4 b4 15. Nbd2 Nxd2 16. Nxd2 Qc7 17. f4 0-0 18. Nc4 Be7 19. f5 e5 20. f6 Bxf6 21. Rxf6 gxf6 22. Bh6 Rfd8 23. Qf5 Qd7 24. Qxf6 Qd4+ 25. Kh1 Bxg2+ 26. Kxg2 Qe4+ 27. Bf3 Qg6+ 28. Qxg6+ hxg6 29. Nxe5 Rd6 30. Nc4 Re6 31. Rd1 Kh7 32. Bf4 1-0

[Event "Molde Spring"]
[Site "Molde"]
[Date "2009.01.22"]
[Round "1"]
[White "Isachsen, Harald"]
[Black "Satervik, Erling"]
[Result "1-0"]
[WhiteElo "1530"]
[BlackElo "1237"]
[PlyCount "31"]
[EventDate "2009.01.22"]
[EventType "swiss"]
[EventRounds "6"]
[EventCountry "NOR"]
[SourceTitle "EXT 2024"]
[Source "ChessBase"]
[SourceDate "2023.10.10"]
[SourceVersion "1"]
[SourceVersionDate "2023.10.10"]
[SourceQuality "1"]

1. e4 c5 2. f4 d6 3. Nf3 Nc6 4. Bc4 Bg4 5. Bxf7+ Kd7 6. c3 Nf6 7. Bd5 Qc7 8. 0-0 e6 9. Bxc6+ Qxc6 10. d3 Be7 11. e5 Nh5 12. exd6 Bxd6 13. Ne5+ Bxe5 14. Qxg4 Nf6 15. Qxg7+ Kd6 16. fxe5+ 1-0

[Event "Molde CC-ch"]
[Site "Molde"]
[Date "2008.10.16"]
[Round "4"]
[White "Satervik, Erling"]
[Black "Isachsen, Harald"]
[Result "1-0"]
[WhiteElo "1198"]
[BlackElo "1547"]
[PlyCount "62"]
[EventDate "2008.09.04"]
[EventType "swiss"]
[EventRounds "6"]
[EventCountry "NOR"]
[SourceTitle "EXT 2024"]
[Source "ChessBase"]
[SourceDate "2023.10.10"]
[SourceVersion "1"]
[SourceVersionDate "2023.10.10"]
[SourceQuality "1"]

1. c4 e5 2. Nc3 Nf6 3. d3 d5 4. Bg5 d4 5. Nd5 c6 6. Nxf6+ gxf6 7. Bd2 Bg4 8. g3 Nd7 9. Bg2 Nc5 10. Qc2 Qd7 11. b4 Ne6 12. Nf3 Bxf3 13. exf3 h5 14. h4 Bh6 15. 0-0 0-0-0 16. Rfe1 Rdg8 17. Bh3 Kb8 18. Kh2 Qd6 19. Re2 Ng7 20. Rae1 Bxd2 21. Qxd2 Re8 22. c5 Qc7 23. a4 Ne6 24. Rc1 Qe7 25. f4 exf4 26. Bxe6 fxe6 27. Qxf4+ e5 28. Qe4 Qf7 29. Qg2 Qd5 30. Qxd5 cxd5 31. c6 b6 1-0

[Event "Molde CC-ch"]
[Site "Molde"]
[Date "2008.10.02"]
[Round "3"]
[White "Satervik, Erling"]
[Black "Lie, Jostein Hestvik"]
[Result "0-1"]
[WhiteElo "1198"]
[BlackElo "1583"]
[PlyCount "82"]
[EventDate "2008.09.04"]
[EventType "swiss"]
[EventRounds "6"]
[EventCountry "NOR"]
[SourceTitle "EXT 2024"]
[Source "ChessBase"]
[SourceDate "2023.10.10"]
[SourceVersion "1"]
[SourceVersionDate "2023.10.10"]
[SourceQuality "1"]

1. d4 d5 2. c4 e6 3. Nc3 c5 4. Nf3 cxd4 5. Nxd4 e5 6. Nf3 d4 7. Ne4 Nc6 8. a3 f5 9. Ned2 e4 10. Ng1 Bd6 11. Nb3 Nf6 12. Nh3 Ng4 13. g3 0-0 14. Bg5 Nf6 15. Bg2 h6 16. Bf4 g5 17. Bxd6 Qxd6 18. 0-0 Ng4 19. Qc2 Be6 20. Rad1 Qe5 21. Rd2 e3 22. Rd3 exf2+ 23. Rxf2 Nxf2 24. Nxf2 Rfd8 25. Qc1 Rac8 26. e3 dxe3 27. Rxe3 Qf6 28. Nd3 b6 29. Nd2 Bf7 30. Nf3 Nd4 31. Nfe5 Rc7 32. c5 Bd5 33. b4 Bxg2 34. Kxg2 Ne6 35. Qc4 Kg7 36. Nf3 Re7 37. Nde5 g4 38. Nh4 Rd2+ 39. Re2 Rxe2+ 40. Qxe2 Nd4 41. Qd3 Qxe5 0-1